书目信息 |
| 题名: |
以色列的前世今生
|
|
| 作者: | 陈湘安 著 | |
| 分册: | ||
| 出版信息: | 海口 南海出版公司 1999 |
|
| 页数: | 221页 | |
| 开本: | 20cm | |
| 丛书名: | ||
| 单 册: | ||
| 中图分类: | K382.0 | |
| 科图分类: | ||
| 主题词: | 亚洲--历史 | |
| 电子资源: | ||
| ISBN: | 7-5442-1100-2 | |
| 000 | 00538nam0 2200193 450 | |
| 001 | 0757583499 | |
| 005 | 20070720085858.90 | |
| 010 | @a7-5442-1100-2@dCNY15.00 | |
| 100 | @a20070718d1999 km y0chiy0120 ea | |
| 101 | 0 | @achi |
| 102 | @aCN | |
| 200 | 1 | @a以色列的前世今生@Ayi se lie de qian shi jin sheng@f陈湘安著@Fchen xiang an zhu |
| 210 | @a海口@c南海出版公司@d1999 | |
| 215 | @a221页@d20cm | |
| 606 | 0 | @a亚洲@x历史 |
| 690 | @aK382.0@v3 | |
| 701 | 0 | @a陈湘安@Achen xiang an@4著 |
| 801 | 0 | @aCN@bPFT@c20070720 |
| 905 | @a10447@dK382.0@e20 | |
| 以色列的前世今生/陈湘安著.-海口:南海出版公司,1999 |
| 221页;20cm |
| ISBN 7-5442-1100-2:CNY15.00 |
| ● |
| 相关链接 |
|
|
|
|
正题名:以色列的前世今生
索取号:K382.0/20
 
预约/预借
| 序号 | 登录号 | 条形码 | 馆藏地/架位号 | 状态 | 备注 |
| 1 | 0781396 | 207813963 | 第二样本阅览室/ [索取号:K382.0/20] | 在馆 | |
| 2 | 0781397 | 207813972 | 第二借阅区/ [索取号:K382.0/20] | 在馆 | |
| 3 | 0781398 | 207813981 | 第二借阅区/ [索取号:K382.0/20] | 在馆 | |
| 4 | 0781399 | 207813990 | 第二借阅区/ [索取号:K382.0/20] | 在馆 | |
| 5 | 0781400 | 207814007 | 第二借阅区/ [索取号:K382.0/20] | 在馆 | |
| 6 | 0781401 | 207814016 | 库房3/ [索取号:K382.0/20] | 在馆 | |
| 7 | 0781402 | 207814025 | 库房3/ [索取号:K382.0/20] | 在馆 | |
| 8 | 0781403 | 207814034 | 库房3/ [索取号:K382.0/20] | 在馆 | |
| 9 | 0781404 | 207814043 | 库房3/ [索取号:K382.0/20] | 在馆 | |
| 10 | 0781405 | 207814052 | 库房3/ [索取号:K382.0/20] | 在馆 | |
| 11 | 0781406 | 207814061 | 库房3/ [索取号:K382.0/20] | 在馆 | |
| 12 | 0781407 | 207814070 | 库房3/ [索取号:K382.0/20] | 在馆 | |
| 13 | 0781408 | 207814089 | 库房3/ [索取号:K382.0/20] | 在馆 | |
| 14 | 0781409 | 207814098 | 库房3/ [索取号:K382.0/20] | 在馆 | |
| 15 | 0781410 | 207814105 | 库房3/ [索取号:K382.0/20] | 在馆 | |
| 16 | 0781411 | 207814114 | 库房3/ [索取号:K382.0/20] | 在馆 | |
| 17 | 0781412 | 207814123 | 库房3/ [索取号:K382.0/20] | 在馆 | |
| 18 | 0781413 | 207814132 | 库房3/ [索取号:K382.0/20] | 在馆 | |
| 19 | 0781414 | 207814141 | 库房3/ [索取号:K382.0/20] | 在馆 | |
| 20 | 0781415 | 207814150 | 库房3/ [索取号:K382.0/20] | 在馆 | |
| 21 | 0781416 | 207814169 | 库房3/ [索取号:K382.0/20] | 在馆 | |
| 22 | 0781417 | 207814178 | 库房3/ [索取号:K382.0/20] | 在馆 | |
| 23 | 0781418 | 207814187 | 库房3/ [索取号:K382.0/20] | 在馆 | |
| 24 | 0781419 | 207814196 | 库房3/ [索取号:K382.0/20] | 在馆 | |
| 25 | 0781420 | 207814203 | 库房3/ [索取号:K382.0/20] | 在馆 | |
| 26 | 0781421 | 207814212 | 库房3/ [索取号:K382.0/20] | 在馆 | |
| 27 | 0781422 | 207814221 | 库房3/ [索取号:K382.0/20] | 在馆 | |
| 28 | 0781423 | 207814230 | 库房3/ [索取号:K382.0/20] | 在馆 | |
| 29 | 0781424 | 207814249 | 库房3/ [索取号:K382.0/20] | 在馆 | |
| 30 | 0781425 | 207814258 | 库房3/ [索取号:K382.0/20] | 在馆 | |
| 31 | 0781426 | 207814267 | 库房3/ [索取号:K382.0/20] | 在馆 | |
| 32 | 0781427 | 207814276 | 库房3/ [索取号:K382.0/20] | 在馆 | |
| 33 | 0781428 | 207814285 | 库房3/ [索取号:K382.0/20] | 在馆 | |
| 34 | 0781429 | 207814294 | 库房3/ [索取号:K382.0/20] | 在馆 | |
| 35 | 0781430 | 207814301 | 库房3/ [索取号:K382.0/20] | 在馆 | |
| 36 | 0781431 | 207814310 | 库房3/ [索取号:K382.0/20] | 在馆 | |
| 37 | 0781432 | 207814329 | 库房3/ [索取号:K382.0/20] | 在馆 | |
| 38 | 0781433 | 207814338 | 库房3/ [索取号:K382.0/20] | 在馆 | |
| 39 | 0781434 | 207814347 | 库房3/ [索取号:K382.0/20] | 在馆 | |
| 40 | 0781435 | 207814356 | 库房3/ [索取号:K382.0/20] | 在馆 |